| 000 | 00669nam a2200229 a 4500 | ||
|---|---|---|---|
| 005 | 20240925064534.0 | ||
| 008 | 010913s1998 r 000 0 eng d | ||
| 020 | _a9582003841 | ||
| 035 | _aUPN01000111422 | ||
| 049 | _aCG | ||
| 050 | 4 |
_aLB1062 _bP3.2 |
|
| 100 | 1 | _aPacheco, Julia | |
| 245 | 1 | 0 |
_aConstruyendo imaginarios : _btalleres creativos / _cJulia Pacheco, Mary Luz Pacheco. |
| 260 |
_aBogotá : _bMagisterio, _c1998. |
||
| 300 | _a110 p. | ||
| 440 | 0 | _aAula alegre | |
| 650 | 4 |
_aPensamiento creativo (Educación) _95414 |
|
| 650 | 4 |
_aPsicología educativa _95197 |
|
| 650 | 2 |
_aCreatividad _95008 |
|
| 700 | 1 |
_aPacheco, Mary Luz, _ecoaut. |
|
| 905 | _aLibro | ||
| 999 |
_c85330 _d85330 |
||